[Event "Bosnjaci op 23rd"]
[Site "Bosnjaci"]
[Date "2018.01.08"]
[Round "8"]
[White "Nikic, Patrick"]
[Black "Karabaic, Ivan"]
[Result "0-1"]
[WhiteElo "1989"]
[BlackElo "2182"]
[PlyCount "52"]
[EventDate "2018.01.03"]
[EventType "swiss"]
[EventRounds "9"]
[EventCountry "CRO"]
[SourceTitle "CBM 182 Extra"]
[Source "ChessBase"]
[SourceDate "2018.02.23"]
[SourceVersion "1"]
[SourceVersionDate "2018.02.23"]
[SourceQuality "1"]

1. e4 d5 2. exd5 Qxd5 3. Nc3 Qd6 4. d4 Nf6 5. Nf3 c6 6. g3 Bf5 7. Bf4 Qb4 8. Bd3 Bg4 9. Bd2 Bxf3 10. Qxf3 Qxd4 11. 0-0-0 Nbd7 12. Bf4 Qb6 13. Rhe1 e6 14. g4 Bb4 15. Bc4 Qc5 16. Bxe6 fxe6 17. Rxe6+ Kd8 18. g5 Qc4 19. Re3 Nd5 20. Nxd5 cxd5 21. Rxd5 Rc8 22. Rxd7+ Kxd7 23. Qg4+ Kc6 24. Re6+ Kb5 25. a4+ Kxa4 26. c3 Rhd8 0-1

[Event "Bosnjaci op 23rd"]
[Site "Bosnjaci"]
[Date "2018.01.07"]
[Round "7"]
[White "Karabaic, Ivan"]
[Black "Bogdanic, Katarina"]
[Result "1-0"]
[WhiteElo "2182"]
[BlackElo "1917"]
[PlyCount "45"]
[EventDate "2018.01.03"]
[EventType "swiss"]
[EventRounds "9"]
[EventCountry "CRO"]
[SourceTitle "CBM 182 Extra"]
[Source "ChessBase"]
[SourceDate "2018.02.23"]
[SourceVersion "1"]
[SourceVersionDate "2018.02.23"]
[SourceQuality "1"]

1. d4 Nf6 2. Nf3 e6 3. g3 b6 4. Bg2 Bb7 5. 0-0 Be7 6. c4 0-0 7. d5 exd5 8. Nh4 Ne4 9. cxd5 Bxh4 10. Bxe4 Bf6 11. Nc3 d6 12. Qc2 g6 13. Bh6 Re8 14. Bg2 Nd7 15. Rac1 a6 16. Rfd1 Ne5 17. Ne4 Ng4 18. Bf4 g5 19. Bd2 Bxd5 20. h3 Nh6 21. Nxf6+ Qxf6 22. Bc3 Qe6 23. Rxd5 1-0

[Event "Bosnjaci op 23rd"]
[Site "Bosnjaci"]
[Date "2018.01.05"]
[Round "4"]
[White "Tica, Sven"]
[Black "Karabaic, Ivan"]
[Result "1-0"]
[WhiteElo "2441"]
[BlackElo "2182"]
[PlyCount "37"]
[EventDate "2018.01.03"]
[EventType "swiss"]
[EventRounds "9"]
[EventCountry "CRO"]
[SourceTitle "CBM 182 Extra"]
[Source "ChessBase"]
[SourceDate "2018.02.23"]
[SourceVersion "1"]
[SourceVersionDate "2018.02.23"]
[SourceQuality "1"]

1. d4 Nf6 2. Nf3 e6 3. g3 d5 4. c4 c5 5. cxd5 Nxd5 6. Bg2 Nc6 7. 0-0 Bd7 8. e4 Nf6 9. d5 Na5 10. Nc3 Qb6 11. Ne5 Be7 12. Be3 0-0 13. Qd3 Qc7 14. Nxd7 Qxd7 15. Rad1 exd5 16. e5 Ne8 17. Nxd5 Nc6 18. Qb3 Qc8 19. Nxe7+ 1-0

[Event "CRO-chT2 West"]
[Site "Croatia"]
[Date "2017.03.26"]
[Round "3.4"]
[White "Jurman, Roberto"]
[Black "Karabaic, Ivan"]
[Result "0-1"]
[WhiteElo "2156"]
[BlackElo "2170"]
[PlyCount "98"]
[EventDate "2017.03.25"]
[EventType "team-tourn"]
[EventRounds "9"]
[EventCountry "CRO"]
[SourceTitle "EXT 2020"]
[Source "ChessBase"]
[SourceDate "2019.10.17"]
[SourceVersion "1"]
[SourceVersionDate "2019.10.17"]
[SourceQuality "1"]

1. c4 Nf6 2. Nc3 e6 3. g3 Be7 4. Bg2 0-0 5. Nf3 d5 6. b3 c5 7. d3 d4 8. Nb1 Nc6 9. Na3 e5 10. 0-0 Re8 11. Nc2 Bf8 12. Bg5 h6 13. Bxf6 Qxf6 14. Nd2 Qg6 15. a3 Kh8 16. b4 cxb4 17. axb4 f5 18. b5 Nd8 19. e3 dxe3 20. Nxe3 Ne6 21. Nd5 Bd7 22. Re1 Bd6 23. Nf3 Nc5 24. Qc2 Qf7 25. Qc3 e4 26. dxe4 fxe4 27. Nd4 Be5 28. Ra2 Ne6 29. Rd2 Nxd4 30. Rxd4 Bf5 31. Qe3 Bxd4 32. Qxd4 b6 33. h4 Rac8 34. Ne3 Bh7 35. Nd5 Qf5 36. Kh2 Qe5 37. Qxe5 Rxe5 38. Ne3 Rd8 39. Ra1 Re7 40. Nd5 Rf7 41. Kg1 Rc8 42. Bh3 Rxc4 43. Be6 Rf8 44. Ne3 Rb4 45. Rxa7 Rxb5 46. Rb7 Rb1+ 47. Kg2 Rb2 48. Ng4 e3 49. Nxe3 Be4+ 0-1

[Event "CRO-chT2 West"]
[Site "Croatia"]
[Date "2017.03.25"]
[Round "1.5"]
[White "Tomljanovic, Goran"]
[Black "Karabaic, Ivan"]
[Result "1/2-1/2"]
[WhiteElo "2052"]
[BlackElo "2170"]
[PlyCount "73"]
[EventDate "2017.03.25"]
[EventType "team-tourn"]
[EventRounds "9"]
[EventCountry "CRO"]
[SourceTitle "EXT 2020"]
[Source "ChessBase"]
[SourceDate "2019.10.17"]
[SourceVersion "1"]
[SourceVersionDate "2019.10.17"]
[SourceQuality "1"]

1. d4 Nf6 2. c4 e6 3. Nc3 Bb4 4. Qc2 0-0 5. Bg5 h6 6. Bh4 c5 7. e3 cxd4 8. exd4 Nc6 9. Rd1 d5 10. Nf3 Bd7 11. Be2 dxc4 12. 0-0 Be7 13. Bxc4 Rc8 14. a3 Nd5 15. Bxd5 Bxh4 16. Ba2 Bf6 17. Qd3 Ne7 18. Ne4 Nd5 19. Ne5 Ba4 20. b3 Bc6 21. Bb1 g6 22. Qg3 Bg7 23. Rfe1 Ne7 24. Nc5 Bd5 25. h4 h5 26. Ncd7 Re8 27. Rc1 Rxc1 28. Rxc1 Bc6 29. Qf4 Nf5 30. Bxf5 exf5 31. Nxc6 Qxd7 32. Ne5 Qd5 33. Nf3 Qxb3 34. Rc7 b5 35. Rxa7 Bf6 36. Qc7 Kg7 37. Qb7 1/2-1/2

[Event "CRO-chT2 West"]
[Site "Croatia"]
[Date "2013.10.20"]
[Round "8.12"]
[White "Karabaic, Ivan"]
[Black "Bulic, Josip"]
[Result "1-0"]
[WhiteElo "2157"]
[BlackElo "2203"]
[PlyCount "121"]
[EventDate "2013.03.16"]
[EventType "team-tourn"]
[EventRounds "9"]
[EventCountry "CRO"]
[SourceTitle "EXT 2019"]
[Source "ChessBase"]
[SourceDate "2018.10.10"]
[SourceVersion "1"]
[SourceVersionDate "2018.10.10"]
[SourceQuality "1"]
[WhiteTeam "Krk"]
[BlackTeam "Buje"]
[WhiteTeamCountry "CRO"]
[BlackTeamCountry "CRO"]

1. e4 Nf6 2. e5 Nd5 3. Nc3 e6 4. Nf3 d6 5. exd6 Bxd6 6. Ne4 Be7 7. d4 0-0 8. a3 b6 9. Bd3 Bb7 10. 0-0 Nf6 11. Qe2 Nbd7 12. Rd1 Nxe4 13. Bxe4 Bxe4 14. Qxe4 Nf6 15. Qe2 h6 16. c4 Qe8 17. Bd2 c5 18. Bc3 cxd4 19. Bxd4 Qa4 20. Ne5 Rfd8 21. Qf3 Bd6 22. b3 Qe8 23. Nc6 Rdc8 24. Nxa7 Rxa7 25. Bxf6 Bxa3 26. Qg3 Qf8 27. Bd4 Bd6 28. Qxg7+ Qxg7 29. Bxg7 Rxa1 30. Bxa1 Bb4 31. Bf6 Kh7 32. Rd8 Rc7 33. Be5 Ra7 34. h4 Kg6 35. g4 f6 36. Bd4 Bc5 37. Kg2 Bxd4 38. Rxd4 Ra3 39. b4 Ra4 40. b5 e5 41. Rd6 Rxc4 42. Kg3 Rc3+ 43. Kg2 Rc4 44. f3 Rc2+ 45. Kg3 Rc3 46. h5+ Kf7 47. Kf2 Rc2+ 48. Ke1 e4 49. fxe4 Rc4 50. Kf2 Rxe4 51. Kf3 Rb4 52. Rxb6 Rb3+ 53. Kf4 Rb1 54. Rb7+ Ke6 55. Rb6+ Kf7 56. Rb8 Ke6 57. b6 Rb4+ 58. Kg3 Rb3+ 59. Kf2 Kd7 60. b7 Kc7 61. Rf8 1-0

[Event "CRO-chT2 West"]
[Site "Rijeka"]
[Date "2012.10.13"]
[Round "7.42"]
[White "Grguric, Dragan"]
[Black "Karabaic, Ivan"]
[Result "0-1"]
[WhiteElo "2066"]
[BlackElo "2145"]
[PlyCount "64"]
[EventDate "2012.03.17"]
[EventType "team-tourn"]
[EventRounds "9"]
[EventCountry "CRO"]
[SourceTitle "EXT 2013"]
[Source "ChessBase"]
[SourceDate "2012.11.22"]
[SourceVersion "1"]
[SourceVersionDate "2012.11.22"]
[SourceQuality "1"]

1. e4 c5 2. Nf3 Nc6 3. Nc3 Nf6 4. d4 cxd4 5. Nxd4 e5 6. Nxc6 dxc6 7. Qxd8+ Kxd8 8. Bg5 Kc7 9. Bc4 Be6 10. Bxe6 fxe6 11. 0-0-0 Bb4 12. Bxf6 gxf6 13. Ne2 Rad8 14. Ng3 Rhg8 15. Rhf1 Bc5 16. c3 a5 17. Kc2 Rg4 18. h3 Rg5 19. a3 a4 20. Kc1 Rf8 21. Rd2 f5 22. exf5 exf5 23. Re2 e4 24. Kc2 e3 25. h4 Rg4 26. Nh5 exf2 27. g3 Kb6 28. Rb1 f4 29. Re4 Rf5 30. Nxf4 Rxg3 31. b4 axb3+ 32. Rxb3+ Ka7 0-1

[Event "Split op 2nd"]
[Site "Split"]
[Date "2012.08.17"]
[Round "7"]
[White "Torres Sanchez, Jose"]
[Black "Karabaic, Ivan"]
[Result "1-0"]
[WhiteElo "2278"]
[BlackElo "2148"]
[PlyCount "103"]
[EventDate "2012.08.11"]
[EventType "swiss"]
[EventRounds "9"]
[EventCountry "CRO"]
[SourceTitle "CBM 149 Extra"]
[Source "ChessBase"]
[SourceDate "2012.08.24"]
[SourceVersion "1"]
[SourceVersionDate "2012.08.24"]
[SourceQuality "1"]

1. e4 c5 2. Nf3 Nc6 3. Nc3 Nf6 4. d4 cxd4 5. Nxd4 e5 6. Ndb5 d6 7. Bg5 a6 8. Na3 b5 9. Nd5 Be7 10. Bxf6 Bxf6 11. c4 b4 12. Nc2 a5 13. Bd3 Bg5 14. h4 Bh6 15. Qf3 Ne7 16. Nde3 Rb8 17. 0-0 0-0 18. b3 Kh8 19. Rfd1 g6 20. h5 f5 21. hxg6 hxg6 22. c5 fxe4 23. Qxe4 Rf4 24. cxd6 Rxe4 25. dxe7 Qxe7 26. Bxe4 Kg7 27. Rd2 Qh4 28. Bc6 Bf5 29. Re1 Rc8 30. Rd6 Bxc2 31. Nxc2 Rf8 32. g3 Qh5 33. Be4 Rf6 34. Rd5 Qg4 35. Kg2 Qc8 36. Rxa5 Bd2 37. Re2 Bc3 38. Ne3 Bd4 39. Nd5 Rf8 40. Rc2 Qg4 41. f3 Qe6 42. Rc7+ Rf7 43. Rc4 Rd7 44. Rxb4 Ra7 45. Rxa7+ Bxa7 46. Rb7+ Kh6 47. Rxa7 Qc6 48. Ne3 Qc1 49. Ng4+ Kg5 50. Rg7 Qd2+ 51. Kh3 Qd8 52. Rxg6+ 1-0

[Event "CRO-chT2 West"]
[Site "Rijeka"]
[Date "2012.03.17"]
[Round "1.42"]
[White "Karabaic, Ivan"]
[Black "Podobnik, Marijan"]
[Result "1/2-1/2"]
[WhiteElo "2145"]
[BlackElo "2173"]
[PlyCount "38"]
[EventDate "2012.03.17"]
[EventType "team-tourn"]
[EventRounds "9"]
[EventCountry "CRO"]
[SourceTitle "EXT 2013"]
[Source "ChessBase"]
[SourceDate "2012.11.22"]
[SourceVersion "1"]
[SourceVersionDate "2012.11.22"]
[SourceQuality "1"]

1. e4 Nf6 2. e5 Nd5 3. c4 Nb6 4. d4 d6 5. Nf3 g6 6. exd6 cxd6 7. Be3 Bg7 8. Nc3 0-0 9. Qd2 Bg4 10. Bh6 Nc6 11. Bxg7 Kxg7 12. Be2 d5 13. c5 Bxf3 14. Bxf3 Nc4 15. Qf4 e6 16. 0-0-0 b6 17. Be2 N4a5 18. h4 Qf6 19. Qxf6+ Kxf6 1/2-1/2

[Event "Kraljevica ZNG111 op 14th"]
[Site "Kraljevica"]
[Date "2012.02.18"]
[Round "2"]
[White "Karabaic, Ivan"]
[Black "Jerkovic, Maroje"]
[Result "1/2-1/2"]
[WhiteElo "2145"]
[BlackElo "1864"]
[PlyCount "69"]
[EventDate "2012.02.18"]
[EventType "swiss"]
[EventRounds "7"]
[EventCountry "CRO"]
[SourceTitle "CBM 147 Extra"]
[Source "ChessBase"]
[SourceDate "2012.04.24"]
[SourceVersion "1"]
[SourceVersionDate "2012.04.24"]
[SourceQuality "1"]

1. e4 c5 2. Nc3 Nc6 3. g3 d6 4. Bg2 Nf6 5. h3 e5 6. d3 Be7 7. Be3 Rb8 8. Nge2 b5 9. 0-0 b4 10. Nd5 Nxd5 11. exd5 Nd4 12. c4 bxc3 13. bxc3 Nxe2+ 14. Qxe2 0-0 15. Rab1 Bf5 16. Be4 Bd7 17. g4 f5 18. gxf5 Bxf5 19. Kh2 Rxb1 20. Rxb1 Bg5 21. Bxf5 Rxf5 22. Qg4 Bf4+ 23. Kh1 Qg5 24. Rb8+ Kf7 25. Rb7+ Kg6 26. Qxg5+ Bxg5 27. Bxg5 Kxg5 28. Rxg7+ Kf6 29. Rxh7 Rxf2 30. Rxa7 Rf3 31. Rd7 Rxh3+ 32. Kg1 Rxd3 33. Rxd6+ Kf5 34. a4 Rxc3 35. Rc6 1/2-1/2

[Event "Kastav op 13th"]
[Site "Kastav"]
[Date "2011.09.04"]
[Round "4"]
[White "Kvaternik, Sinisa"]
[Black "Karabaic, Ivan"]
[Result "0-1"]
[WhiteElo "1973"]
[BlackElo "2141"]
[PlyCount "38"]
[EventDate "2011.09.03"]
[EventType "swiss"]
[EventRounds "8"]
[EventCountry "CRO"]
[SourceTitle "EXT 2012"]
[Source "ChessBase"]
[SourceDate "2011.11.24"]
[SourceVersion "1"]
[SourceVersionDate "2011.11.24"]
[SourceQuality "1"]

1. e4 d6 2. f4 Nf6 3. Nc3 g6 4. Nf3 Bg7 5. Bc4 0-0 6. d4 Nxe4 7. Bxf7+ Rxf7 8. Nxe4 h6 9. 0-0 Nd7 10. Nh4 Nf8 11. Qd3 e5 12. Nf3 d5 13. dxe5 Bf5 14. Nf6+ Bxf6 15. Qb3 Be7 16. Rd1 c6 17. c4 Be6 18. Qxb7 Bc5+ 19. Kh1 Rxb7 0-1

[Event "CRO-chT3 West"]
[Site "Croatia"]
[Date "2011.03.13"]
[Round "2.52"]
[White "Karabaic, Ivan"]
[Black "Jurman, Roberto"]
[Result "1-0"]
[WhiteElo "2135"]
[BlackElo "2157"]
[PlyCount "81"]
[EventDate "2011.03.12"]
[EventType "team-tourn"]
[EventRounds "9"]
[EventCountry "CRO"]
[SourceTitle "EXT 2014"]
[Source "ChessBase"]
[SourceDate "2013.11.20"]
[SourceVersion "1"]
[SourceVersionDate "2013.11.20"]
[SourceQuality "1"]

1. e4 e6 2. d3 d5 3. Nd2 Nf6 4. g3 c5 5. Bg2 Nc6 6. Ne2 Be7 7. 0-0 0-0 8. Nf4 d4 9. h3 e5 10. Ne2 Ne8 11. f4 f6 12. g4 Be6 13. Nf3 g6 14. f5 Bf7 15. Bh6 Ng7 16. Ng3 Kh8 17. Qd2 Rg8 18. g5 gxf5 19. exf5 Nh5 20. Nxh5 Bxh5 21. gxf6 Bxf6 22. Rae1 Qd6 23. Bg5 Raf8 24. h4 Bxf3 25. Rxf3 Qe7 26. Rg3 Bxg5 27. hxg5 Rxf5 28. g6 Qh4 29. Rh3 Qxh3 30. Bxh3 Rxg6+ 31. Bg2 Rfg5 32. Re2 e4 33. dxe4 Ne5 34. Qf4 Kg8 35. Rf2 h5 36. Kf1 c4 37. Qf8+ Kh7 38. Bh3 d3 39. cxd3 cxd3 40. Ke1 Ng4 41. Bxg4 1-0

[Event "CRO-chT2 West"]
[Site "Croatia"]
[Date "2010.03.27"]
[Round "1.24"]
[White "Karabaic, Ivan"]
[Black "Juranic, Bruno"]
[Result "0-1"]
[WhiteElo "2142"]
[BlackElo "2216"]
[PlyCount "63"]
[EventDate "2010.03.27"]
[EventType "team-tourn"]
[EventRounds "9"]
[EventCountry "CRO"]
[SourceTitle "EXT 2012"]
[Source "ChessBase"]
[SourceDate "2011.11.24"]
[SourceVersion "1"]
[SourceVersionDate "2011.11.24"]
[SourceQuality "1"]

1. e4 c5 2. Nc3 Nc6 3. g3 g6 4. Bg2 Bg7 5. d3 d6 6. Be3 Rb8 7. Qd2 b5 8. f4 b4 9. Nd1 e6 10. Nf3 Nge7 11. 0-0 Qa5 12. Bf2 Ba6 13. Re1 Nd4 14. e5 Nxf3+ 15. Bxf3 d5 16. Ne3 0-0 17. a3 Qb5 18. axb4 cxb4 19. Ng4 Rb7 20. Ra2 b3 21. Ra5 Qc6 22. Rea1 Qxc2 23. Qxc2 bxc2 24. Rxa6 Rc8 25. Rc1 Rxb2 26. Bd4 Rb1 27. Be3 Nf5 28. Bd2 Nd4 29. Kf2 Nb3 30. Ra2 Nxc1 31. Bxc1 Rxc1 32. Ne3 0-1

[Event "CRO-chT U20 17th"]
[Site "Sv Filip i Jakov"]
[Date "2008.03.29"]
[Round "10"]
[White "Karabaic, Ivan"]
[Black "Bosiocic, Marin"]
[Result "0-1"]
[WhiteElo "2151"]
[BlackElo "2498"]
[PlyCount "86"]
[EventDate "2008.03.25"]
[EventType "team-tourn"]
[EventRounds "11"]
[EventCountry "CRO"]
[SourceTitle "EXT 2010"]
[Source "ChessBase"]
[SourceDate "2010.11.25"]
[SourceVersion "1"]
[SourceVersionDate "2010.11.25"]
[SourceQuality "1"]

1. Nf3 d5 2. g3 Nc6 3. d4 Bf5 4. Bg2 Nb4 5. Na3 c6 6. 0-0 h6 7. Re1 Nf6 8. Nd2 e6 9. e4 Bh7 10. c3 Nd3 11. Re3 Nxc1 12. Rxc1 Be7 13. Nc2 0-0 14. Re1 dxe4 15. Nxe4 Nxe4 16. Bxe4 Bxe4 17. Rxe4 Qd5 18. Re2 Qxa2 19. Ne3 Qa5 20. Nc4 Qc7 21. b4 Rad8 22. Qb3 Rd5 23. Ra1 a6 24. Ne5 Bd6 25. Nd3 a5 26. bxa5 Rxa5 27. Rxa5 Qxa5 28. Ra2 Qd5 29. Qb1 Qc4 30. Qc2 b5 31. Qd2 Rd8 32. Ra7 e5 33. Qe3 exd4 34. cxd4 Bf8 35. Qf3 Qd5 36. Qf4 Bd6 37. Qh4 Re8 38. Qg4 Re4 39. Ra8+ Kh7 40. Qc8 Rxd4 41. Ne1 Rd1 42. Qg8+ Kg6 43. Qc8 Qe6 0-1

[Event "CRO-chT U20 17th"]
[Site "Sv Filip i Jakov"]
[Date "2008.03.29"]
[Round "9"]
[White "Karabaic, Ivan"]
[Black "Ivekovic, Zvonimir"]
[Result "1/2-1/2"]
[WhiteElo "2151"]
[BlackElo "2127"]
[PlyCount "45"]
[EventDate "2008.03.25"]
[EventType "team-tourn"]
[EventRounds "11"]
[EventCountry "CRO"]
[SourceTitle "EXT 2010"]
[Source "ChessBase"]
[SourceDate "2010.11.25"]
[SourceVersion "1"]
[SourceVersionDate "2010.11.25"]
[SourceQuality "1"]

1. Nf3 Nf6 2. g3 g6 3. Bg2 Bg7 4. 0-0 0-0 5. d3 d5 6. Nbd2 Nc6 7. e4 dxe4 8. dxe4 Bg4 9. h3 Bxf3 10. Bxf3 Qd7 11. Bg2 Rad8 12. Kh2 e5 13. c3 Bh6 14. Qf3 Qe6 15. Nb3 Bxc1 16. Rfxc1 b6 17. Qe2 Rd6 18. Rd1 Rfd8 19. Rxd6 Qxd6 20. Bf3 a5 21. a4 Kg7 22. Kg2 h5 23. Qc4 1/2-1/2

[Event "CRO-chT U20 16th"]
[Site "Sv Filip i Jakov"]
[Date "2007.04.12"]
[Round "6"]
[White "Karabaic, Ivan"]
[Black "Sambolec, Andreja"]
[Result "1-0"]
[WhiteElo "2134"]
[BlackElo "1851"]
[PlyCount "85"]
[EventDate "2007.04.10"]
[EventType "team-tourn"]
[EventRounds "11"]
[EventCountry "CRO"]
[SourceTitle "EXT 2010"]
[Source "ChessBase"]
[SourceDate "2010.11.25"]
[SourceVersion "1"]
[SourceVersionDate "2010.11.25"]
[SourceQuality "1"]

1. e4 c5 2. Nc3 Nc6 3. g3 g6 4. Bg2 Bg7 5. d3 Nf6 6. Be3 d6 7. h3 0-0 8. Qd2 Rb8 9. Bh6 Bxh6 10. Qxh6 Nd4 11. Qd2 b5 12. Nd1 Bb7 13. c3 Ne6 14. f3 Qc7 15. d4 cxd4 16. cxd4 Rfc8 17. Ne3 Qb6 18. Ne2 b4 19. Kf2 Ba6 20. Rhd1 Rc7 21. Bf1 Ng5 22. Kg2 Bc8 23. g4 Ne6 24. d5 Nc5 25. Nd4 Ba6 26. Bxa6 Nxa6 27. b3 Rbc8 28. Nc4 Qb7 29. Nc6 Ne8 30. h4 f6 31. f4 e5 32. fxe5 fxe5 33. Rf1 Rf7 34. Rxf7 Qxf7 35. Rf1 Qd7 36. Qg5 Rc7 37. h5 Kg7 38. Nd8 Nc5 39. Rf7+ Qxf7 40. Nxf7 Rxf7 41. Qd8 Nf6 42. Nxd6 Rd7 43. h6+ 1-0